| 000 | 00458pab a2200181 454500 | ||
|---|---|---|---|
| 008 | 180718b2008 xxu||||| |||| 00| 0 eng d | ||
| 100 | _aStatham, June | ||
| 245 | _aMobility within the children workforce: evidence for a new policy? | ||
| 260 | _c2008 | ||
| 300 | _ap.295-309. | ||
| 362 | _aApr | ||
| 650 | _aChild welfare | ||
| 700 | _aMooney, Ann | ||
| 700 | _aBrannen, Julia | ||
| 773 | _aJournal of Social Policy | ||
| 908 | _aN | ||
| 909 | _a83447 | ||
| 999 |
_c83447 _d83447 |
||